| 000 | 00612nam a22002297a 4500 | ||
|---|---|---|---|
| 003 | OSt | ||
| 005 | 20140310182914.0 | ||
| 008 | 130129t xxu||||| |||| 00| 0 eng d | ||
| 020 | _a9715844065 | ||
| 050 |
_aKPM956 _b.P224 2005 |
||
| 082 |
_aFIL 345.990666 _bP21 2005 |
||
| 245 |
_aFundamentals of corporation law _cParas, Eugene C.; Gatcho, Manuel T. |
||
| 260 |
_aManila _bC & E Publishing _c2005 |
||
| 300 |
_a426 p. _c23 cm. |
||
| 521 | _acollege students | ||
| 526 | _c1210L-1700L | ||
| 541 | _j1 | ||
| 541 | _j2 | ||
| 541 | _j3 | ||
| 562 | _e3 | ||
| 942 |
_2lcc _cBK _kFIL |
||
| 999 |
_c17269 _d17269 |
||